LEADER 00944nam a2200229 i 4500 001 000000160489 003 CaOOAMICUS 005 20070323000000.0 008 070323s1994 it u000 u ita u 013 $a137852 020 $a88-86242-00-X 040 $aSeMil$bita 245 10$aPer gli Animatori dei Gruppi di Ascolto della Parola. 300 $a319 p. 700 1 $aAsiani, Andrea <1930->.$0(OLS)http://semarc/name/784 773 0 $aAsiani, Andrea <1930->$tVangelo secondo Matteo.$dPessano con Bornago (MI) : Mimep-Docete, copyr. 1995-copyr. 1996.$g2$w()919 773 0 $aAsiani, Andrea <1930->$tSeconda parte (16,21 - 28,20).$w()17507 850 $aSeMil 852 $aSeMil$W1$xVenegono$y1$m3F I 287/A$j111964$B111964$CSeMilBibl$Z2$F122662 $81 961 $aOmaggio: Altro 996 $6020$a88-86242-00-X$9(OLS)http://semarc/number/916 996 $6245$aPer gli Animatori dei Gruppi di Ascolto della Parola$9(OLS)http://semarc/title/143200 LEADER 00881nam a2200217 i 4500 001 000000123362 003 CaOOAMICUS 005 20210708112125.0 008 040223s1967 it u000 u ita u 013 $a96058 040 $aSeMil$bita 100 1 $aMonti, Mario,$d<1925-1999>.$0(OLS)http://semarc/name/72395 245 10$aVardarelli e Ciro Annicchiarico nel Regno delle Due Sicilie :$b1814-1820. 300 $a312 p. 490 1 $aI Libri Pocket ;$v97 773 0 $aMonti, Mario <1925-1999>$tBriganti italiani.$dMilano : Longanesi, 1967.$gVolume1$w()11089 830 2$aI libri pocket ;$v97.$0(OLS)http://semarc/title/401525 850 $aSeMil 852 $aSeMil$W1$xVenegono$y1$m62 3 97 *$j78096$B78096$CSeMilBibl$Z2$F80309 $81 996 $6245$aVardarelli e Ciro Annicchiarico nel Regno delle Due Sicilie :$b1814-1820$9(OLS)http://semarc/title/181443